000 00889pam a2200265 a 4500
008
020 _a9780521612104 (pbk.)
049 _aMAIN
050 0 0 _aQH195.S6
_bSCH
100 1 _aScholes, R. J
245 1 3 _aAn African savanna :
_bsynthesis of the Nylsvley study /
_cR.J Scholes, B.H. Walker
260 _aCambridge [England] ;
_aNew York :
_bCambridge University Press,
_c1993
300 _axii, 306 p. :
_bill. ;
_c26 cm
490 1 _aCambridge studies in applied ecology and resource management
504 _aIncludes bibliographical references
500 _aIncludes idex
650 0 _aSavanna ecology
700 0 _aWalker, B. H.
830 0 _aCambridge studies in applied ecology and resource management
907 _a.b10385022
_b05-10-17
_c03-10-17
003
005 20230123122307.0
040 _cNUST
942 _cBOOKS
999 _c131141
_d131141